000
00209 a2200097 4500
001
29410
100
_a
245
_a
Key to english preposition 1 & 2
260
_a
_b
Collier macmil
_c
090
_c
19623
_d
19623
942
_a
NUST-CAE
_c
M
_c
10695
999
_c
264483
_d
264483